Semblanzas literarias / (Registro nro. 13924)

Detalles MARC
000 -LEADER
fixed length control field 00676nam a2200229 a 4500
001 - CONTROL NUMBER
control field
003 - CONTROL NUMBER IDENTIFIER
control field DO-SdBNP
005 - DATE AND TIME OF LATEST TRANSACTION
control field 20211227120428.0
008 - FIXED-LENGTH DATA ELEMENTS--GENERAL INFORMATION
fixed length control field 090918s1998 dr r 000 0 spa d
040 ## - CATALOGING SOURCE
Original cataloging agency DO-SdBNP
Language of cataloging spa
Transcribing agency BPMSU
082 ## - DEWEY DECIMAL CLASSIFICATION NUMBER
Classification number RD860.9
Item number B171s, 1998
Edition number 22
100 1# - MAIN ENTRY--PERSONAL NAME
Personal name Balaguer, Joaquín
Dates associated with a name 1906-2002
9 (RLIN) 2
245 10 - TITLE STATEMENT
Title Semblanzas literarias /
Statement of responsibility, etc. Joaquín Balaguer.
250 ## - EDITION STATEMENT
Edition statement 4a ed.
260 ## - PUBLICATION, DISTRIBUTION, ETC. (IMPRINT)
Place of publication, distribution, etc. Santo Domingo, :
Name of publisher, distributor, etc. Editorial de la Cruz Aybar,
Date of publication, distribution, etc. 1998.
300 ## - PHYSICAL DESCRIPTION
Extent 325 p. ;
Dimensions 23 cm.
504 ## - BIBLIOGRAPHY, ETC. NOTE
Bibliography, etc Bibliografía : p. 311-318
590 ## - LOCAL NOTE (RLIN)
Local note Inventariado, 2021/VM
650 #4 - SUBJECT ADDED ENTRY--TOPICAL TERM
Topical term or geographic name as entry element Literatura dominicana
General subdivision Historia y crítica
910 ## - USER-OPTION DATA (OCLC)
User-option data VMateo V.
942 ## - ADDED ENTRY ELEMENTS (KOHA)
Source of classification or shelving scheme Dewey Decimal Classification
Koha item type Libros
Existencias
Withdrawn status Lost status Source of classification or shelving scheme Damaged status Not for loan Collection code Home library Current library Date acquired Source of acquisition Full call number Barcode Date last seen Price effective from Koha item type Copy number Total Checkouts
    Dewey Decimal Classification     Colección Dominicana Biblioteca Pública Metropolitana Salomé Ureña Biblioteca Pública Metropolitana Salomé Ureña 12/27/2021 Fundación Joaquín Balaguer BPMSU CD RD860.9 B171s 1998 BPMSU21120018 12/27/2021 12/27/2021 Libros    
    Dewey Decimal Classification     Colección Dominicana Biblioteca Pública Metropolitana Salomé Ureña Biblioteca Pública Metropolitana Salomé Ureña 12/27/2021 Fundación Joaquín Balaguer BPMSU CD RD860.9 B171s 1998 BPMSU21120019 12/27/2021 12/27/2021 Libros e.2  
    Dewey Decimal Classification     Colección Dominicana Biblioteca Pública Metropolitana Salomé Ureña Biblioteca Pública Metropolitana Salomé Ureña 12/27/2021 Fundación Joaquín Balaguer BPMSU CD RD860.9 B171s 1998 BPMSU25120040 12/08/2025 12/27/2021 Libros e.3